| 000 | 00548nam a2200205Ia 4500 | ||
|---|---|---|---|
| 003 | OSt | ||
| 005 | 20220926045125.0 | ||
| 006 | a|||||r|||| 00| 0 | ||
| 007 | ta | ||
| 008 | 220923b |||||||| |||| 00| 0 eng d | ||
| 037 | _cGeneral Book | ||
| 040 |
_aRTL _cRTL _beng |
||
| 041 |
_2eng _aeng |
||
| 082 | _aX:93oaV2:4, J5 | ||
| 100 |
_aNigam S B L _9349855 |
||
| 245 | 0 |
_aState regulation of minimum wages _b A study of the |
|
| 260 | _c1955 | ||
| 942 |
_hX:93oaV2:4, J5 _cGB _2CC |
||
| 999 |
_c676785 _d676785 |
||